| 000 | 00526nam a2200169 i 4500 | ||
|---|---|---|---|
| 001 | 84021 | ||
| 003 | ES-MaACL | ||
| 005 | 20230906174931.0 | ||
| 007 | t| | ||
| 008 | 041119s1903 sp ||||1| spa d | ||
| 100 | 1 |
_aJaumandreu Puig, Eugenio. _966176 |
|
| 245 | 1 | 0 |
_aTratamiento de la fiebre tifoidea y de sus complicaciones / _cEugenio Jaumandreu Puig. |
| 260 |
_aBarcelona : _b[s.n.], _c1903 ( _fImpr. de Pedro Bofarull) |
||
| 300 |
_a29 p. ; _c27 cm. |
||
| 650 | 0 | 4 |
_aFiebre tifoidea. _912776 |
| 852 |
_aES-MaACL _jT-1053-F-7 |
||
| 999 |
_c84021 _d84021 |
||